1722 1428 1206 1394 1196 1181 1607 1184 1654 1847 1415 1048 1078 1654 1033 1005 1434 1650 1347 1030 1519 1000 1990 1973 1876 1186 1040 1989 1958 1516 1061 1746 1955 1136 1440 1845 1379 1084 1029 1011 1877 1195 1434 1034 1827 1381 1072 1383 1524 1327 1686 1923 1016 1433 1064 1952 1643 1857 1331 1467 1442 1045 1976 1542 1949 1464 1041 1700 1393 1104 1578 1398 1202 1297 1145 1692 1613 1102 1167 1088 1513 1752 1939 1612 1585 1790 1772 1384 1442 1508 1445 1175 1938 1646 1922 1220 1286 1990 1423 BCNSPRNW ULIB Ver.6.0+V

เปลี่ยนเป็นภาษาไทย

Change to English
 แสดงรายละเอียดบรรณานุกรม
  กลับหน้าหลัก

Brief Record : Get Marc (ISO 2709) : E-mail record : QR code < ปิดหน้าต่าง
LEADER : 00000nam 2200000uu 4500
001    13399107852
003     ULIB
008    110208s2553||||th 000 0 tha d
020    9786165070126
060 04 WZ40^bธ647ป 2553
100 0  ธีรวัฒน์ บูระวัฒน์
245 10 ประวัติศาสตร์ทางการแพทย์ :^bตอนการค้นพบที่ยิ่งใหญ่ /^cเรียบเรียงโดย ธีรวัฒน์ บูระวัฒน์
250    พิมพ์ครั้งที่ 1
260    กรุงเทพฯ :^bหมอชาวบ้าน,^c2553
300    (12), 250 หน้า :^bภาพประกอบ ;^c25 ซม.
650  7 การแพทย์^xประวัติ
650  7 ประวัติการแพทย์
945    ^p170^l0^i028702
945    ^p170^l0^i028500
995    เกษร
999 ^a ใช้งานได้ทุกระบบ
รายการนี้ยังไม่มีแท็ก
คุณยังไม่ได้ล็อกอิน คุณสามารถมีกิจกรรมร่วมกับเว็บไซต์ได้ แต่ต้องล็อกอินก่อน ::
  ล็อกอิน

รายการสื่อสารสนเทศ

ลำดับที่ ประเภท เลขเรียก/บาร์โค้ด สถานที่ สถานะ
1. วิทยาศาสตร์การแพทย์ และสุขภาพ
วิทยาศาสตร์การแพทย์ และสุขภาพ
WZ40 ธ647ป 2553 ฉ.2 
  Barcode: 028500
ห้องสมุดวิทยาเขตสวรรค์ประชารักษ์
►ส่วนจัดเก็บหนังสือเก่า สปร
บนชั้น
  ขอยืม
2. วิทยาศาสตร์การแพทย์ และสุขภาพ
วิทยาศาสตร์การแพทย์ และสุขภาพ
WZ40 ธ647ป 2553 ฉ.3 
  Barcode: 028702
ห้องสมุดวิทยาเขตสวรรค์ประชารักษ์
►ส่วนจัดเก็บหนังสือเก่า สปร
บนชั้น
  ขอยืม

รายการใกล้เคียง
    ผู้แต่ง [ธีรวัฒน์ บูระวัฒน์]

    หัวเรื่อง [ประวัติการแพทย์]

BibComment


ยังไม่เคยถูกคอมเมนท์

คอมเมนท์ทรัพยากรรายการนี้
  คอมเมนท์: ประวัติศาสตร์ทางก..


 Copyright 2026. Bcnsprnw @Library